Un espíritu libre no debe aprender como esclavo: escritos sobre cine y educación

I tiakina i:
Ngā taipitopito rārangi puna kōrero
Kaituhi matua: Rossellini, Roberto (Author)
Hōputu: Pukapuka
Reo:Pāniora
I whakaputaina: Barcelona Gustavo Gili 1977
Putanga:1a. ed
Rangatū:Colección Punto y Línea
Ngā marau:
Ngā Tūtohu: Tāpirihia he Tūtohu
Kāore He Tūtohu, Me noho koe te mea tuatahi ki te tūtohu i tēnei pūkete!

MARC

LEADER 00000cam a2200000 a 4500
001 UCU9591
003 CL-VaPUC
008 960823e19770000SP |||||||||||||||||spa|d
020 |a 8425209382 
082 0 4 |a 791.43  |b ROS  |2 21 
100 0 |a Rossellini, Roberto  |e author  |9 266419 
245 1 3 |a Un espíritu libre no debe aprender como esclavo: escritos sobre cine y educación 
250 |a 1a. ed 
300 |a 181 p 
942 |c BK 
945 |d 19960823 00:00:00  |a nastorga 
260 |a Barcelona  |b Gustavo Gili  |c 1977 
650 0 |a Cine  |9 225706 
650 0 |a Educación  |9 258661 
650 0 |a Industrialización  |9 263687 
650 7 |a MAQUINA  |2 CL-VaPUC  |9 368833 
650 0 |a Proletariado  |9 269152 
650 0 |a Democracia  |9 255256 
650 0 |a Poder político  |9 255509 
650 0 |a Medios de comunicación de masas  |9 257273 
650 0 |a Ideologías  |9 255200 
650 7 |a REVOLUCION  |2 CL-VaPUC  |9 338298 
650 0 |a Saber   |9 367358 
650 0 |a Capitalismo  |9 255255 
650 0 |a Enseñanza  |9 256457 
650 7 |a CONOCIMIENTO  |2 CL-VaPUC  |9 308991 
650 0 |a Cultura  |9 269059 
650 7 |a MARXISMO  |2 CL-VaPUC  |9 368834 
650 0 |a Televisión  |9 256845 
650 0 |a Monopolios  |9 255549 
583 |a last modification  |c 20190402 09:46:47  |k Rodrigo Vera 
490 0 |a Colección Punto y Línea 
999 |c 251304  |d 251302 
952 |0 0  |1 0  |3 erb  |4 0  |6 791_430000000000000_ROS_1977  |7 0  |8 A  |9 270375  |a BIBART  |b BIBART  |i 5475708  |o 791.43 ROS 1977  |p 5475708  |r 2025-03-13  |w 2019-11-19  |y BK  |z Catalogado en:20180622  |k ART